Central Library OPAC University of Rajshahi

কবিকঙ্কণ চণ্ডী / (Record no. 55426)

MARC details
000 -LEADER
fixed length control field 00890nam a2200217 a 4500
001 - CONTROL NUMBER
control field 55426
003 - CONTROL NUMBER IDENTIFIER
rucl marc code BD-RjUL
005 - DATE AND TIME OF LATEST TRANSACTION
control field 20211209080250.0
008 - FIXED-LENGTH DATA ELEMENTS--GENERAL INFORMATION
fixed length control field 161117s1963 ii ||||| |||| 00| 0 ben d
035 ## - SYSTEM CONTROL NUMBER
System control number (BD-RjUL)55549
040 ## - CATALOGING SOURCE
Original cataloging agency BD-RjUL
Language of cataloging ben
Transcribing agency BD-RjUL
041 ## - LANGUAGE CODE
Language code of text/sound track or separate title ben
082 ## - DEWEY DECIMAL CLASSIFICATION NUMBER
Edition number 23
Classification number 891.44109
Author mark and year CHK 1963
100 1# - MAIN ENTRY--PERSONAL NAME
Personal name চক্রবর্তী, মুকুন্দরাম
9 (RLIN) 127373
245 10 - TITLE STATEMENT
Title কবিকঙ্কণ চণ্ডী /
Statement of responsibility, etc. মুকুন্দরাম চক্রবর্তী
260 ## - PUBLICATION, DISTRIBUTION, ETC. (IMPRINT)
Place of publication, distribution, etc. কলিকাতা :
Name of publisher, distributor, etc. বসুমতী প্রাইভেট লিঃ,
Date of publication, distribution, etc. ১৯৬৩ [১৩৭০]
300 ## - PHYSICAL DESCRIPTION
Pagination ২৪৪ পৃ. ;
Size ২৪ সেমি.
650 ## - SUBJECT ADDED ENTRY--TOPICAL TERM
Topical term or geographic name as entry element বাংলা কবিতা
9 (RLIN) 117445
Form subdivision ইতিহাস ও সমালোচনা
Topical term or geographic name as entry element Bengali poetry
9 (RLIN) 157140
Form subdivision History and criticism
942 ## - ADDED ENTRY ELEMENTS (KOHA)
Source of classification or shelving scheme Dewey Decimal Classification
Koha item type Books
Holdings
Lost status Source of classification or shelving scheme Damaged status Not for loan Collection code Permanent Location Current Location Shelving location Date acquired Source of acquisition Cost, normal purchase price Total Checkouts Full call number Date last seen Copy number Koha item type
  Dewey Decimal Classification     Non-fiction Central Library, University of Rajshahi Central Library, University of Rajshahi   17/09/1973 Uttorbanga Library : Rajshahi 4.50   B 891.44109 CHK 1963 17/11/2016 C-3 Books
  Dewey Decimal Classification     Non-fiction Central Library, University of Rajshahi Central Library, University of Rajshahi   17/09/1973 Uttorbanga Library : Rajshahi 4.50   B 891.44109 CHK 1963 17/11/2016 C-2 Books